000 01249nam2a22002651 4500
001 rc\865324
005 20250612172137.0
035 _a(NLR Aleph) 008749918
090 _a9564374
_c9564374
100 _a20041129d1984 |||y0rusy50 ca
101 0 _arus
102 _aRU
105 _ay |||||||||
200 1 _aБольшая родня
_hч. 2, 3 и 4
_eРоман-хроника
_fАвториз. пер. В. Россельса
210 _d1984
_aБ. м.
215 _a688 с.
_d21
300 _aВ вып. дан. авт.: Стельмах Михаил Афанасьевич
300 _aИзд. выходит с 1983 г.
461 0 _1001rc\865321
_12001#$aСобрание сочинений$eВ 5 т.$eПер. с укр.$fМихайло Стельмах$g[Вступ. ст. Е. Гуцало, с. 5-22]$vТ. 3
_1700#1$aСтельмах$bМ.А.$gМихаил Афанасьевич$f1912-1983
_96774347
_aСтельмах, М.А. (1912-1983)
_cМ.
_d1983-
_fМихайло Стельмах
_nХудож. лит.
_oВ 5 т. : Пер. с укр.
_tСобрание сочинений
_vТ. 3
801 0 _aRU
_bNLR
_gpsbo
801 1 _aRU
_bELAR
_2rusmarc
801 2 _aRU
_bNLR
_c20050210
_2rusmarc
852 _aNLR
_j84-3/1760
942 _cBOOK
980 _aNB